000 00597nab a2200181 4500
001 244442
003 OSt
005 20241121085002.0
007 tu
008 200917s2020|||||||
040 _aDE-2950
_cDE-2950
245 0 0 _aGedenken an Novemberpogrome
_b9. November. In der magistrale wurde an die verbrecherische Nacht von 1938 erinnert - und an die Verantwortung heute appelliert/
_cthg
264 _c2024
653 _aFrankfurt (Oder)
653 _aJahrestag Novemberpogrome
773 0 _g35. Jahrgang (2024) Nr. 263 vom 11.11.2024, S. 13 mit Foto
_tMärkische Oderzeitung
942 _2z
_cA
999 _c373461
_d373461